000 01728cam a22005414i 4500
003 PE-LiUPU
005 20250731180130.0
008 150625s1999 sp a rb 000 0 spa d
020 _a8425333660
035 _a(Sirsi) i9788425333668
040 _aPE-LiUPU
_bspa
_cPE-LiUPU
_erda
049 _aPRUA
082 0 4 _a560.19
_bA67
_221
100 1 _aArduini, Paolo,
_eautor.
245 1 0 _aFósiles /
_cPaolo Arduini y Giorgio Terruzzi.
264 1 _aBarcelona :
_bGrijalvo,
_c1999.
300 _a319 páginas :
_bilustraciones ;
_c20 centímetros.
336 _atext
_2rdacontent
337 _aunmediated
_2rdamedia
338 _avolume
_2rdacarrier
490 0 _aGuìas de la naturaleza
500 _a" Glosario" ; (A-V).
504 _aIncluye referencias bibligráficas.
505 0 _aVegetales -- Invertebrados -- Vertebrados.
526 _aSEG44
526 _aSEG26
526 _aP159
526 _aP155
526 _aP154
526 _aP153
526 _aP150
526 _aP100
526 _aP31
526 _aP30
526 _aP26
526 _aP25
526 _aP24
526 _aP22
526 _aP15
526 _aP10
541 _g006-0000148941;
650 0 4 _aFósiles
_xObra de divulgación.
942 _2ddc
_cBOOK
949 _a560.19 A67
_wDEWEY
_c1
_i55404
_d2016-4-6
_e2016-4-3
_lCCODEBUL1
_mBUL
_n10
_p24.00
_r0
_sY
_tBOOK
_u2015-6-25
_xTEOLOGIA
_zUNKNOWN
_0COMPRA
_o.STAFF. Colección General
994 _aC0
_bPEPRU
596 _a1
999 _a560.19 A67
_wDEWEY
_c44306
_i55404
_d44306
_e2018-10-10
_f2021-11-5
_g5
_lCCODEBUL1
_mBUL
_n11
_p24.00
_q1
_r0
_sY
_tBOOK
_u2015-6-25
_xBIBLIOTECA
_PP35
_0COMPRA
_o.STAFF. Colección Teología
980 _81
_gALBERTO SANCHEZ Responsable de Automatización